/Benjamin Franklin e suas aventuras com a eletricidade (Record no. 44326)

MARC details
000 -LÍDER
campo de controle de tamanho fixo 00431 a2200169 4500
001 - NÚMERO DE CONTROLE
campo de controle 44326
020 ## - ISBN - INTERNATIONAL STANDARD BOOK NUMBER
ISBN - International Standard Book Number 8573240598
040 ## - FONTE DA CATALOGAÇÃO
Instituição que transcreveu o registro Anchieta - Aquarius
100 ## - ENTRADA PRINCIPAL--NOME PESSOAL
Nome pessoal Birch, Berveley
240 10 - TÍTULO UNIFORME
Título uniforme /Benjamin Franklin e suas aventuras com a eletricidade
Idioma da obra por
245 10 - TÍTULO
Título /Benjamin Franklin e suas aventuras com a eletricidade
300 ## - DESCRIÇÃO FÍSICA
Extensão
362 0# - DATAS DE PUBLICAÇÃO E/OU DESIGNAÇÃO SEQUENCIAL
Datas de publicação e/ou designação sequencial 1994
440 #1 - DECLARAÇÃO DE SÉRIE/ENTRADA ADICIONADA--TÍTULO
Título Eko
650 #4 - ASSUNTO--TERMO TÓPICO
Cabeçalho tópico ou nome geográfico Pessoas em tecnologia
942 ## - ELEMENTOS DE ENTRADA ADICIONADOS (KOHA)
Tipo de material Koha Livros
Holdings
Situação do descarte Situação das perdas Situação física Não pode ser emprestado Biblioteca de origem Biblioteca atual Data de aquisição Total de empréstimos Número de chamada completo Código de barras Data de último acesso Data do preço efetivo Tipo de material Koha
        Colégio Anchieta - Aquarius Colégio Anchieta - Aquarius 21/11/2023   926 BIR BEN 393/AQU 21/11/2023 21/11/2023 Livros